Asian journal on mediation.
Saved in:
| Corporate Author: | |
|---|---|
| Format: | Journal |
| Language: | English |
| Published: |
Singapore :
Singapore Mediation Centre,
2005-
|
| Subjects: | |
| Tags: |
Add Tag
No Tags, Be the first to tag this record!
|
| LEADER | 01320cas a2200409 a 4500 | ||
|---|---|---|---|
| 001 | 010171663-X | ||
| 005 | 20161026083420.0 | ||
| 008 | 080905c20059999si ax p g 0 0eng c | ||
| 010 | |a 2008234156 | ||
| 022 | |a 1793-2173 | ||
| 035 | 0 | |a ocn245535299 | |
| 037 | |b Singapore Mediation Centre, 1 Supreme Court Ln., level 4, Singapore 178879 | ||
| 040 | |a HVL |b eng |c HVL |d DLC |d OCLCQ |d OCLCF |d OCLCO | ||
| 042 | |a pcc | ||
| 043 | |a a------ | ||
| 050 | 0 | 0 | |a K1 |b .S7594 |
| 245 | 0 | 0 | |a Asian journal on mediation. |
| 246 | 3 | 0 | |a Journal on mediation |
| 246 | 1 | 7 | |a Asian j. mediation |
| 260 | |a Singapore : |b Singapore Mediation Centre, |c 2005- | ||
| 300 | |a v. ; |c 24 cm. | ||
| 310 | |a Annual (irregular) | ||
| 362 | 0 | |a Vol. 1 (2005)- | |
| 500 | |a Title from cover. | ||
| 515 | |a Vols. for 2006 incorrectly called vol. 1, issue 1 but constitute vol. 2. | ||
| 588 | |a Latest issue consulted: Vol. 4 (2008). | ||
| 650 | 0 | |a Mediation |z Asia |v Periodicals. | |
| 650 | 0 | |a Dispute resolution (Law) |z Asia |v Periodicals. | |
| 650 | 0 | |a Mediation |v Periodicals. | |
| 650 | 0 | |a Dispute resolution (Law) |v Periodicals. | |
| 650 | 7 | |a Dispute resolution (Law) |2 fast | |
| 650 | 7 | |a Mediation. |2 fast | |
| 651 | 7 | |a Asia. |2 fast | |
| 655 | 7 | |a Periodicals. |2 fast | |
| 710 | 2 | |a Singapore Mediation Centre. | |
| 988 | |a 20061208 | ||
| 906 | |0 MH | ||


